000 01067nam a22003017i 4500
003 EG-ScBUE
005 20260510135403.0
008 131212t1993 ua frb 000 0dara d
017 _a1993 / 7006
020 _a9770241598
040 _aEG-ScBUE
_bara
_erda
_cEG-ScBUE
_dEG-ScBUE
082 0 4 _a530.11
_bم ح م
_222
100 1 _934614
_aمحمود، مصطفى،
_d1921-2009،
_eمؤلف.
245 1 0 _aأينشتين والنسبية /
_cمصطفى محمود.
250 _aالطبعة السابعة.
264 1 _aالقاهرة :
_bدار المعارف،
_c[1993]
264 4 _cتاريخ حق النشر 1993
300 _a99 صفحة ؛
_c20 سم
336 _2rdacontent
_aنص
_btxt
337 _aبدون وسيط
_2rdamedia
_bn
338 _aمجلد
_bnc
_2rdacarrier
504 _aيشتمل على إرجاعات ببليوجرافية.
600 1 _915403
_aأينشتين، ألبرت،
_d1879-1955.
_2BUEsh
650 7 _929673
_aالنسبية.
_2BUEsh
653 _cDecember2013
655 _vReading book
942 _2ddc
_cBB
_k530.11 م ح م
999 _c17846
_d17818